| 000 | 00841nam a2200229Ia 4500 | ||
|---|---|---|---|
| 003 | GCL | ||
| 008 | 140319s9999 xx 000 0 ara d | ||
| 040 |
_aGCL / _cGCL |
||
| 082 | 0 | 4 |
_a808.068 _bم ح |
| 100 | 1 | _aمركز تنمية الكتاب العربى | |
| 245 | 1 | 0 |
_aالحلقة الدراسية لعام 1990 حول مجلات الاطفال : _bالقاهرة 24 - 26 نوفمبر 1990 . / _cمركز تنمية الكتاب العربى |
| 260 |
_aالقاهرة : _bالهيئة المصرية العامة للكتاب ، _c1992 |
||
| 300 |
_a129 ص ؛ _c25 سم |
||
| 650 | 0 | 4 | _aالاطفال |
| 650 | 0 | 4 | _aالصحافة |
| 650 | 0 | 4 | _aالاعلام |
| 650 | 0 | 4 | _aالدوريات |
| 650 | 0 | 4 | _aالصحف |
| 650 | 0 | 4 | _aدوريات الاطفال |
| 650 | 0 | 4 | _aالدوريات الصحافية |
| 942 |
_2ddc _cBK |
||
| 999 |
_c30308 _d30308 |
||